Holka, které se nikdo nezastal : příběh někdejší oběti sexuálního zneužívání, která zasvětila život boji za spravedlnost /
Uloženo v:
| Hlavní autor: | |
|---|---|
| Další autoři: | |
| Médium: | Kniha |
| Jazyk: | Czech |
| Vydáno: |
V Praze :
Aurora,
2026
|
| Vydání: | Vydání první |
| Témata: | |
| Celkem bylo vypůjčeno: | 2x |
| Tagy: |
Žádné tagy |
| LEADER | 02507cam a2200553 i 4500 | ||
|---|---|---|---|
| 001 | 106694 | ||
| 003 | CZ PrNK | ||
| 005 | 20260701111935.0 | ||
| 007 | ta | ||
| 008 | 260528s2026 xr e 000 0acze d | ||
| 015 | |a cnb003767647 | ||
| 020 | |a 9788090990104 |q (vázáno) : |c Kč 549.00 | ||
| 040 | |a KLG001 |b cze |e rda | ||
| 041 | 1 | |a cze |h eng | |
| 072 | 7 | |a 364 |x Sociální problémy vyžadující podporu a pomoc. Sociální zabezpečení |2 Konspekt |9 18 | |
| 072 | 7 | |a 929 |x Biografie |2 Konspekt |9 8 | |
| 080 | |a 343.3/.7-058.6-055.2 |2 MRF | ||
| 080 | |a 326.1-055.2 |2 MRF | ||
| 080 | |a 343.545 |2 MRF | ||
| 080 | |a 364.633-053.2 |2 MRF | ||
| 080 | |a 336.7-051 |2 MRF | ||
| 080 | |a 343.22:343.541 |2 MRF | ||
| 080 | |a 929 |2 MRF | ||
| 080 | |a (73) |2 MRF | ||
| 080 | |a (092) |2 MRF | ||
| 100 | 1 | |a Giuffre, Virginia Roberts, |d 1983-2025 |7 xx0345858 |4 aut |9 117544 | |
| 240 | 1 | 0 | |a Nobody's girl. |l Česky |
| 245 | 1 | 0 | |a Holka, které se nikdo nezastal : |b příběh někdejší oběti sexuálního zneužívání, která zasvětila život boji za spravedlnost / |c Virginia Roberts Giuffre ; z anglického originálu ... Nobody's girl ... přeložila Jana Zajícová |
| 250 | |a Vydání první | ||
| 264 | 1 | |a V Praze : |b Aurora, |c 2026 | |
| 300 | |a 348 stran ; |c 24 cm | ||
| 336 | |a text |b txt |2 rdacontent | ||
| 337 | |a bez média |b n |2 rdamedia | ||
| 338 | |a svazek |b nc |2 rdacarrier | ||
| 600 | 1 | 7 | |a Giuffre, Virginia Roberts, |d 1983-2025 |7 xx0345858 |2 czenas |9 117544 |
| 600 | 1 | 4 | |a Epstein, Jeffrey, |d 1953-2019 |7 ola20261294580 |2 czenas |9 117545 |
| 648 | 7 | |a 20.-21. století |7 ch462155 |2 czenas |9 53009 | |
| 650 | 0 | 7 | |a ženy jako oběti trestných činů |7 ph127969 |y 20.-21. století |z Spojené státy americké |2 czenas |
| 650 | 0 | 7 | |a obchod se ženami |7 ph123549 |y 20.-21. století |z Spojené státy americké |2 czenas |
| 650 | 0 | 7 | |a sexuální zneužívání dětí |7 ph139044 |y 20.-21. století |z Spojené státy americké |2 czenas |
| 650 | 0 | 7 | |a finančníci |7 ph120244 |y 20.-21. století |z Spojené státy americké |2 czenas |
| 650 | 0 | 7 | |a sexuální delikventi |7 ph125503 |y 20.-21. století |z Spojené státy americké |2 czenas |
| 655 | 7 | |a autobiografie |7 fd131855 |2 czenas |9 53459 | |
| 700 | 1 | |a Zajícová, Jana, |d 1979- |7 jo20251280709 |4 trl |9 117546 | |
| 710 | 2 | |a Aurora publishing |4 pbl | |
| 910 | |a UOG502 | ||
| 942 | |2 ddc |c KN | ||
| 999 | |d 106694 | ||
| 993 | |0 0 |1 421180107421 |2 ddc |4 0 |6 36_000000000000000 |7 0 |9 100199 |b 0 |c 107421 |d 2026-07-01 |e 2 |f DOSP |g 36 |h 549.00 |i Koupě |l DOSP |q 2026-08-14 |r 2026-07-03 |s 2026-07-03 |t 5 |w 2026-07-01 |y KN |z NAUCNA |n | ||